000
00254nam a2200097Ia 4500
082
_a
EF MICH
245
0
_a
Vegas heat
100
_a
MICHAELS, Fern New York, 2009 1st trade pbk
_9
65497
942
_c
BK
008
210817s9999 xx 000 0 und d
999
_c
209251
_d
209251